1899 1527 1148 1151 1549 1742 1532 1907 1266 1398 1558 1031 1957 1233 1413 1261 1475 1087 1767 1633 1087 1874 1331 1872 1626 1282 1866 1617 1838 1391 1998 1563 1440 1095 1890 1523 1103 1597 1177 1030 1739 1988 1627 1427 1455 1717 1469 1925 1930 1117 1750 1796 1037 1286 1861 1018 1630 1203 1611 1723 1448 1517 1718 1828 1463 1466 1585 1064 1654 1838 1668 1113 1862 1555 1948 1537 1717 1313 1497 1082 1085 1172 1811 1293 1588 1979 1986 1553 1409 1319 1386 1754 1911 1538 1208 1367 1169 1965 1777 BCNSPRNW ULIB Ver.6.0+V

เปลี่ยนเป็นภาษาไทย

Change to English
 แสดงรายละเอียดบรรณานุกรม
  กลับหน้าหลัก

Brief Record : Get Marc (ISO 2709) : E-mail record : QR code < ปิดหน้าต่าง
LEADER : 00000nam 2200000uu 4500
001    13399123573
003     ULIB
008    110619s2556||||th 000 0 tha d
020    9749441427
020    9789749441428
060 04 WY20.5^bป554ส
100 0  ปาริชาติ โรจน์พลากร-กู๊ช
245 10 สถิติสำหรับงานวิจัยทางการพยาบาล และการใช้โปรแกรม SPSS forwindows /^cปาริชาติ โรจน์พลากร-กู๊ช, ยุวดี ฦาชา
250    พิมพ์ครั้งที่ 4
260    กรุงเทพฯ :^bภาควิชาพยาบาลศาสตร์คณะพยาบาลศาสตร์โรงพยาบาลรามาธิบดี มหาวิทยาลัยมหิดล,^c2556
300    [7], 399 หน้า ;^c26 ซม.+CD
500 ตำ รานี้จัดพิมพ์เผยแพร่โดยได้รับความสนับสนุนจากโครงการตำราภาควิชาพยาบาลศาสตร์ คณะแพทยศาสตร์โรงพยาบาลรามาธิบดี มหาวิทยาลัยมหิดล
650  7 การพยาบาล^vวิจัย
650  7 สถิติศาสตร์
650  7 สถิติ^xโปรแกรมคอมพิวเตอร์
650  7 เอสพีเอสเอส (โปรแกรมคอมพิวเตอร์)
650  7 เอสพีเอสเอสสำหรับวินโดวส์
700 0  ยุวดี ฦาชา
710 2  มหาวิทยาลัยมหิดล. ^bคณะแพทยศาสตร์โรงพยาบาลรามาธิบดี.^bภาควิชาพยาบาลศาสตร์
945    ^p350^l0^i21289
945    ^p350^l0^i21290
995    ทศพร
999    ^aใช้งานได้ทุกระบบ
รายการนี้ยังไม่มีแท็ก
คุณยังไม่ได้ล็อกอิน คุณสามารถมีกิจกรรมร่วมกับเว็บไซต์ได้ แต่ต้องล็อกอินก่อน ::
  ล็อกอิน

รายการสื่อสารสนเทศ

ลำดับที่ ประเภท เลขเรียก/บาร์โค้ด สถานที่ สถานะ
1. Book การพยาบาล
Book การพยาบาล
สถานะ=หนังสือเก่า
WY20.5 ป554ส ฉ.1 
  Barcode: 21289
ห้องสมุดวิทยาเขตนครสวรรค์
►ส่วนจัดเก็บหนังสือเก่า นว.
บนชั้น
  ขอยืม
2. Book การพยาบาล
Book การพยาบาล
สถานะ=หนังสือเก่า
WY20.5 ป554ส ฉ.2 
  Barcode: 21290
ห้องสมุดวิทยาเขตนครสวรรค์
►ส่วนจัดเก็บหนังสือเก่า นว.
บนชั้น
  ขอยืม

รายการใกล้เคียง
    ผู้แต่ง [ปาริชาติ โรจน์พลากร-กู๊ช]

    หัวเรื่อง [สถิติศาสตร์]
    หัวเรื่อง [เอสพีเอสเอส (โปรแกรมคอมพิวเตอร์)]
    หัวเรื่อง [เอสพีเอสเอสสำหรับวินโดวส์]

BibComment


ยังไม่เคยถูกคอมเมนท์

คอมเมนท์ทรัพยากรรายการนี้
  คอมเมนท์: สถิติสำหรับงานวิจ..


 Copyright 2026. Bcnsprnw @Library